LEADER 01417nam0-22004091i-450 001 990007440990403321 005 20220110121934.0 010 $a3-487-10280-3$btomo 1 010 $a3-487-10281-1$btomo 2 035 $a000744099 035 $aFED01000744099 035 $a(Aleph)000744099FED01 035 $a000744099 100 $a20030529d1997----km-y0itay50------ba 101 0 $alat$ffre 102 $aDE 105 $ay---aci-001yy 200 1 $aApologie, Florides$econcordance$edocumentation lexicale et gramaticale$fApulée$ged. Philippe Fleury, Michel Zuinghedau$gavec la collaboration de G. Mary 210 $aHildesheim$cOlms-Weidmann$d1997 215 $a2 tomi (XIV, 1-424; 425-886 p.)$d30 cm 225 1 $aAlpha - Omega$iReihe A$eLexica, Indizes, Konkordanzen zur klassischen Philologie$v66$xISSN 0175-9086 307 $aRil. 327 1 $atomo 1: A-M$atomo 2: N-Z 610 0 $aLetteratura latina$aApuleio$aApologia e Florida$aConcordanze 676 $a870.'01 700 1$aFleury,$bPhilippe$0171156 701 1$aZuinghedau,$bMichel$0184344 702 1$aApuleius$f<2. sec.> 702 1$aMary,$bG. 801 0$aIT$bUNINA$gRICA$2UNIMARC 901 $aBK 912 $a990007440990403321 952 $a480.03 ALPHA-OMEGA 66 (1)$bBibl.46794$fFLFBC 952 $a480.03 ALPHA-OMEGA 66 (2)$bBibl.46794$fFLFBC 959 $aFLFBC 996 $aApologie, Florides$9678524 997 $aUNINA LEADER 00959cam0-2200301---450 001 990005012060403321 005 20260313094016.0 035 $a000501206 035 $aFED01000501206 035 $a(Aleph)000501206FED01 100 $a19990604e19781897km-y0itay50------ba 101 0 $aita 102 $aIT 105 $ay---e---001yy 200 1 $aVocabolario milanese-italiano$ecoi segni per la pronuncia preceduto da una breve grammatica del dialetto e seguito dal repertorio italiano-milanese$fFrancesco Angiolini 205 $aRist. anast. 210 $a[Bologna]$cForni$dstampa 1978 215 $aXXXVIII, 1053 p.$d23 cm 700 1$aAngiolini,$bFrancesco$0184694 801 0$aIT$bUNINA$gRICA$2UNIMARC 901 $aBK 912 $a990005012060403321 952 $aBIB. BAT.6327$b4508$fBAT 952 $a457.3035 ANGI 02$bFil.Mod. 31054$fFLFBC 959 $aFLFBC 959 $aBAT 996 $aVocabolario milanese-italiano$9529631 997 $aUNINA